The geology of the neighbourhood of Sungei Siput, Perak, Federated Malay States, with an account of the mineral deposits, (Record no. 27409)

MARC details
000 -LEADER
fixed length control field 01198cam a22002891 4500
001 - CONTROL NUMBER
control field gs 38000014
003 - CONTROL NUMBER IDENTIFIER
control field DLC
005 - DATE AND TIME OF LATEST TRANSACTION
control field 20260227111342.0
008 - FIXED-LENGTH DATA ELEMENTS--GENERAL INFORMATION
fixed length control field 840206s1937 si bf 000 0 eng
010 ## - LIBRARY OF CONGRESS CONTROL NUMBER
LC control number gs 38000014
035 ## - SYSTEM CONTROL NUMBER
System control number (OCoLC)13265335
040 ## - CATALOGING SOURCE
Original cataloging agency DLC
Transcribing agency MnU
Modifying agency DLC
042 ## - AUTHENTICATION CODE
Authentication code premarc
043 ## - GEOGRAPHIC AREA CODE
Geographic area code a-io---
050 00 - LIBRARY OF CONGRESS CALL NUMBER
Classification number QE299.5
Item number .A32 no. 1
100 1# - MAIN ENTRY--PERSONAL NAME
Personal name Savage, Herbert Edward Francis,
Dates associated with a name 1902-
245 14 - TITLE STATEMENT
Title The geology of the neighbourhood of Sungei Siput, Perak, Federated Malay States, with an account of the mineral deposits,
Statement of responsibility, etc. by H. E. F. Savage.
260 ## - PUBLICATION, DISTRIBUTION, ETC.
Place of publication, distribution, etc. Singapore,
Name of publisher, distributor, etc. Printers ltd.,
Date of publication, distribution, etc. 1937.
300 ## - PHYSICAL DESCRIPTION
Extent 46, v p.
Other physical details v pl., 2 maps (1 fold., in pocket)
Dimensions 27 cm.
500 ## - GENERAL NOTE
General note Cover-title.
500 ## - GENERAL NOTE
General note At head of title: Geological survey department. Federated Malay States.
500 ## - GENERAL NOTE
General note "Written by H. E. F. Savage in 1933; prepared for publication in 1937, with various additions by E. S. Willbourn."
650 #0 - SUBJECT ADDED ENTRY--TOPICAL TERM
Topical term or geographic name entry element Geology
Geographic subdivision Federated Malay States.
650 #0 - SUBJECT ADDED ENTRY--TOPICAL TERM
Topical term or geographic name entry element Mines and mineral resources
Geographic subdivision Federated Malay States.
700 1# - ADDED ENTRY--PERSONAL NAME
Personal name Willbourn, Eric Stuart,
Dates associated with a name 1889-
Relator term ed.
740 0# - ADDED ENTRY--UNCONTROLLED RELATED/ANALYTICAL TITLE
Uncontrolled related/analytical title Sungei Siput, Perak, Federated Malay States, Geology of the neighbourhood of.

No items available.

Powered by Koha